Kanto Pokemon Sudden Death - Statistics

General Stats
  • This quiz has been taken 23 times
  • The average score is 31 of 37
Answers on the Grid
Answers color-coded by a green-red scale on the quiz's grid according to % correct below.
Articuno
Axolotl
Bellsprout
Bulbasaur
Caterpie
Charizard
Charmander
Chikorita
Clefable
Darklops
Diglet
Ditto
Dratini
Eevee
Ekans
Fearow
Fireon
Gastly
Gharial
Griffon
Ivysaur
Jerboa
Jynx
Kakuna
Metapod
Nidorino
Nidoprince
Nidoqueen
Oddish
Okapi
Omastar
Pangolin
Paras
Pichu
Pidgey
Pidgeot
Porygon
Rattata
Ribsy
Seadra
Snorlax
Spinarak
Squirtle
Staryu
Tauros
Totodile
Vileplume
Vulpix
Wartortle
Weedle
Wooper
Zubat
 
Answer Stats
Answer % Correct
Articuno
100%
Bulbasaur
100%
Bellsprout
95%
Caterpie
95%
Charizard
95%
Charmander
95%
Clefable
95%
Ekans
95%
Fearow
95%
Diglet
90%
Ditto
90%
Eevee
90%
Gastly
90%
Ivysaur
90%
Metapod
90%
Dratini
86%
Jynx
86%
Kakuna
86%
Nidoqueen
86%
Nidorino
86%
Oddish
86%
Paras
81%
Pidgeot
81%
Pidgey
81%
Omastar
76%
Porygon
71%
Rattata
71%
Snorlax
71%
Squirtle
71%
Staryu
71%
Tauros
71%
Vulpix
71%
Wartortle
71%
Weedle
71%
Zubat
71%
Seadra
67%
Vileplume
67%
No matching quizzes found
Score Distribution
Percent of People with Each Score
Percentile by Number Answered
Your Score History
You have not taken this quiz